Teoría de la enseñanza y desarrollo del currículo /
Guardado en:
| Autor Principal: | |
|---|---|
| Formato: | Libro |
| Publicado: |
Argentina :
Rei,
1990
|
| Edición: | 3 |
| Materias: | |
| Etiquetas: |
Agregar Etiqueta
Sin Etiquetas, Sea el primero en etiquetar este registro!
|
| LEADER | 00803nam a22002175a 4500 | ||
|---|---|---|---|
| 001 | CEM.cems002900 | ||
| 005 | 19000101000000.0 | ||
| 008 | 130507s1990##################000#0#####d | ||
| 003 | CEMS | ||
| 082 | 0 | 4 | |a 371 |
| 100 | 1 | |a Giméno Sacristán, José | |
| 245 | 1 | 0 | |a Teoría de la enseñanza y desarrollo del currículo / |c José Giméno Sacristán |
| 250 | |a 3 | ||
| 260 | |a Argentina : |b Rei, |c 1990 | ||
| 300 | |a 238 p. | ||
| 505 | 0 | |a Necesidad de una teor¡a de la ense¤anza.- La estructura de la teor¡a cient¡fica de la ense¤anza y su proyecci¢n normativa.- Los métodos did cticos | |
| 653 | |a Curriculum-teoria | ||
| 653 | |a Didactica | ||
| 653 | |a Educacion | ||
| 859 | |a CEMS |b BIB. CEMS - 11 de abril |h 371 |i G429-1a3 |p 15844.90 |t Ej.1 | ||
| 859 | |a CEMS |b BIB. CEMS - 11 de abril |h 371 |i G429-1a3 |p 19462.98 |t Ej.2 | ||
